000 01084nam a22002897a 4500
001 199337
003 ES-MaBCM
005 20230301070857.0
008 150625b spu||||| |||| 00| 0 spa d
017 _2D.L.
_aM.27223-2013
020 _a 978-84-8181-547-4
021 _axx
024 7 _2NIPO
_a030-13-188-2
035 _a(OCoLC)928792312
040 _cES-MaBCM
110 2 _9118869
_aMuseo Nacional de Arte Romano (Mérida)
245 1 0 _aGuía del Museo Nacional de arte romano
_c[textos, José María Álvarez Martínez ... et al. ; revisión, actualización y adiciones a la nueva edición, Rafael Sabio González, María José Ferreira López]
300 _a87 p.
_bil.col, mapas
_c24 cm.
504 _aBibliografía [p.85-86]. Indice
610 2 0 _9118869
_aMuseo Nacional de Arte Romano (Mérida)
_vGuía turistica
650 7 _aPatrimonio artístico
_959736
650 7 _aArtes
_957605
700 1 _9118870
_aÁlvarez Martínez, José María
700 1 _9118871
_aSabio González, Rafael
700 1 _9118872
_aFerreira López, María José
942 _2udc
_cBK
999 _c199337
_d199337